000 00596nam a2200193Ia 4500
003 IN-BaIIA
008 211028s9999 xx 000 0 eng d
040 _cIIA Library
080 _a681.3
_bIVA
245 0 _aElectronic Computers
_bPrinciples and Applications
_cedited by T. E. Ivall
260 _aLondon,
_bIliffe & Sons
_c1956
300 _aviii, 167p.
650 _aComputers
_92283
650 _aElectrical Engineering
_91774
650 _aElectronic Engineering
_93914
650 _aNASA Thesaurus
700 _aIvall, T. E., ed.
_910575
942 _cBK
999 _c6109
_d6109